[Event "Match ,CBM"]
[Site "Ubeda m ,CBM"]
[Date "1994.??.??"]
[Round "?"]
[White "Lautier, Joel"]
[Black "Karpov, Anatoly"]
[Result "1/2-1/2"]
[WhiteElo "2625"]
[BlackElo "2740"]
[PlyCount "29"]
[EventDate "1994.??.??"]
[Source "www.chesslib.no"]
[SourceDate "2004.05.04"]

1. f4 c5 2. c3 a6 3. d4 b6 4. a4 f5 5. c4 e6 6. d5 e5 7. Qd4 Kf7 8. Ra2 Qc7 9. b3 Qa7 10. Ra3 exf4 11. Qb2 Bb7 12. Qc3 Ke7 13. Qd2 Nc6 14. Qa5 Qb8 15. Qxa6 1/2-1/2

[Event "Interzonal"]
[Site "?"]
[Date "1990.??.??"]
[Round "8"]
[White "Yudasin Leonid"]
[Black "Sax Gyula"]
[Result "1/2-1/2"]
[WhiteElo "2615"]
[BlackElo "2600"]
[PlyCount "43"]
[EventDate "1990.??.??"]
[Source "www.chesslib.no"]
[SourceDate "2004.05.04"]

1. f4 Nf6 2. Nf3 g6 3. c4 Bg7 4. Nc3 c5 5. e4 Nc6 6. g3 d6 7. Bg2 Bg4 8. h3 Bxf3 9. Qxf3 Nd4 10. Qd3 O-O 11. O-O Rb8 12. Rb1 Nd7 13. Kh2 a6 14. b3 b5 15. cxb5 axb5 16. b4 cxb4 17. Rxb4 Nc5 18. Qb1 Na6 19. Rb2 b4 20. Nd5 Ne2 21. Rb3 Nd4 22. Rb2 1/2-1/2

[Event "Nova Gorica op 7th"]
[Site "Nova Gorica"]
[Date "2002.02.02"]
[Round "3"]
[White "Mikhalchishin, Adrian"]
[Black "Kozul, Zdenko"]
[Result "1/2-1/2"]
[WhiteElo "2542"]
[BlackElo "2606"]
[PlyCount "22"]
[EventDate "2002.01.12"]
[Source "ChessBase"]
[SourceDate "2002.03.14"]

1. f4 c5 2. Nf3 Nc6 3. g3 g6 4. Bg2 Bg7 5. O-O d6 6. d3 Nf6 7. e4 O-O 8. c3 Rb8 9. a4 a6 10. Qe2 b5 11. axb5 axb5 1/2-1/2

[Event "FIDE Wch"]
[Site "?"]
[Date "1999.??.??"]
[Round "2"]
[White "De Firmian Nick E"]
[Black "Kobalia Mikhail"]
[Result "0-1"]
[WhiteElo "2610"]
[BlackElo "2537"]
[PlyCount "30"]
[EventDate "1999.??.??"]
[Source "www.chesslib.no"]
[SourceDate "2004.05.04"]

1. f4 e6 2. c4 a6 3. g3 Nf6 4. b3 d6 5. e4 Nfd7 6. b4 d5 7. cxd5 exd5 8. Bh3 Nf6 9. Qf3 Nc6 10. Qf2 Bf5 11. Bg2 b6 12. Qxb6 Qc8 13. h3 Ne7 14. Qe6 Qxe6 15. g4 h5 0-1

[Event "Jonsson Mem Open, Reykjavik ISL"]
[Site "?"]
[Date "2001.??.??"]
[Round "7"]
[White "Danielsen, Hen"]
[Black "Nielsen, PH."]
[Result "0-1"]
[WhiteElo "2525"]
[BlackElo "2620"]
[PlyCount "50"]
[EventDate "2001.??.??"]
[Source "www.chesslib.no"]
[SourceDate "2004.05.04"]

1. f4 c5 2. Nf3 g6 3. d3 Bg7 4. e4 Nc6 5. Be2 e6 6. a4 d5 7. c3 d4 8. e5 f6 9. cxd4 cxd4 10. Nbd2 fxe5 11. Nc4 exf4 12. Bxf4 e5 13. Bd2 Nge7 14. Qb3 h6 15. Rc1 Be6 16. Qb5 O-O 17. O-O e4 18. dxe4 d3 19. Bd1 Nd4 20. Qxb7 Ne2+ 21. Bxe2 dxe2 22. Rfe1 Rc8 23. Ba5 Qd3 24. Qxe7 Bxc4 25. Rc3 Bd4+ 0-1

[Event "Camp. spagnolo a squadre - Gruppo II"]
[Site "Sabadell SPA"]
[Date "2008.09.03"]
[Round "1"]
[White "Rodriguez Vila, A."]
[Black "Mamedov, Nid"]
[Result "1/2-1/2"]
[WhiteElo "2531"]
[BlackElo "2564"]
[PlyCount "52"]
[EventDate "2008.09.03"]
[Source "www.chesslib.no"]
[SourceDate "2004.05.04"]

1. f4 Nf6 2. Nf3 g6 3. d3 Bg7 4. e4 d6 5. Nc3 O-O 6. Be3 e5 7. fxe5 dxe5 8. Be2 Nc6 9. O-O Re8 10. Nd2 h6 11. Nc4 Be6 12. Kh1 Qe7 13. Qc1 Kh7 14. Bf2 Ng8 15. Ne3 Qd7 16. Bh4 Nd4 17. Bd1 h5 18. Qd2 Bh6 19. Qe1 c6 20. Na4 b6 21. c3 Nb5 22. Nc4 Rab8 23. Be2 Bg7 24. Bg3 f6 25. b3 Rbd8 26. Nab2 Bg4 1/2-1/2

[Event "7th Amplico AIG Life 9th-12th"]
[Site "Warsaw POL"]
[Date "2007.12.16"]
[Round "2"]
[White "Jakubiec, A."]
[Black "Balogh, C."]
[Result "1/2-1/2"]
[WhiteElo "2524"]
[BlackElo "2562"]
[PlyCount "58"]
[EventDate "2007.12.16"]
[Source "www.chesslib.no"]
[SourceDate "2004.05.04"]

1. f4 g6 2. Nf3 Bg7 3. g3 d6 4. Bg2 e5 5. O-O Ne7 6. e4 O-O 7. Nc3 c5 8. d3 Nbc6 9. Be3 Nd4 10. Qd2 exf4 11. gxf4 f5 12. Ne2 Nxf3+ 13. Bxf3 Bxb2 14. Rab1 Bg7 15. Bg2 Rb8 16. e5 b6 17. d4 cxd4 18. Nxd4 dxe5 19. fxe5 Bxe5 20. Qb4 Qd6 21. Qb3+ Kh8 22. Rbd1 f4 23. Nf3 fxe3 24. Rxd6 Bxd6 25. Qc3+ Kg8 26. Qc4+ Kg7 27. Qc3+ Kg8 28. Qc4+ Kg7 29. Qc3+ Kg8 1/2-1/2

[Event "Stockholm SWE"]
[Site "Stockholm SWE"]
[Date "1990.??.??"]
[Round "7"]
[White "Karlsson, Lars C-G"]
[Black "Fedorowicz, John P"]
[Result "1/2-1/2"]
[WhiteElo "2520"]
[BlackElo "2560"]
[PlyCount "58"]
[EventDate "1990.??.??"]
[Source "www.chesslib.no"]
[SourceDate "2004.05.04"]

1. f4 c5 2. Nf3 Nc6 3. e3 g6 4. Bb5 Bg7 5. O-O d6 6. Bxc6+ bxc6 7. d3 f5 8. Nbd2 Nh6 9. Rb1 O-O 10. b3 e5 11. fxe5 Ng4 12. Qe2 Nxe5 13. Nxe5 Bxe5 14. Nf3 Bg7 15. Bb2 Bxb2 16. Rxb2 Qf6 17. Rbb1 Bd7 18. Qd2 g5 19. b4 g4 20. Ne1 Rab8 21. c3 a5 22. a3 axb4 23. cxb4 cxb4 24. axb4 c5 25. Nc2 Qe5 26. bxc5 Rxb1 27. Rxb1 dxc5 28. Na3 Be6 29. Nc4 Bxc4 1/2-1/2

[Event "Politiken Cup"]
[Site "?"]
[Date "2005.07.19"]
[Round "5"]
[White "Danielsen Henrik"]
[Black "Hansen Sune Berg"]
[Result "1-0"]
[WhiteElo "2511"]
[BlackElo "2568"]
[PlyCount "53"]
[EventDate "2005.??.??"]
[Source "www.chesslib.no"]
[SourceDate "2004.05.04"]

1. f4 b5 2. e4 Bb7 3. Nf3 Bxe4 4. Nc3 Bb7 5. Bxb5 e6 6. Qe2 Nh6 7. b3 Be7 8. Bb2 O-O 9. O-O-O Nc6 10. d4 a6 11. Bxc6 Bxc6 12. d5 exd5 13. Nxd5 Bd6 14. Qc4 Kh8 15. g4 f6 16. Rhg1 Ng8 17. g5 Bxd5 18. Rxd5 Qe7 19. Kb1 Rae8 20. gxf6 gxf6 21. Rdg5 Rf7 22. a4 Qe6 23. Qd4 Ref8 24. R5g4 Qe7 25. Qd5 Bc5 26. R1g2 c6 27. Qg5 1-0

[Event "RUS-ch m1-2"]
[Site "Elista"]
[Date "1997.05.19"]
[Round "1.1"]
[White "Balashov, Yuri S"]
[Black "Sveshnikov, Evgeny"]
[Result "1-0"]
[WhiteElo "2510"]
[BlackElo "2560"]
[PlyCount "113"]
[EventDate "1997.05.19"]
[Source "ChessBase"]
[SourceDate "1997.08.01"]

1. f4 c5 2. Nf3 Nc6 3. g3 d5 4. Bg2 Bg4 5. d3 Qd7 6. Nc3 O-O-O 7. h3 Bxf3 8. Bxf3 Nf6 9. g4 e6 10. g5 d4 11. Ne4 Nxe4 12. Bxe4 h6 13. gxh6 Rxh6 14. c4 Bd6 15. Bg2 Ne7 16. Qb3 Nf5 17. Rf1 Rg6 18. Bf3 Nh4 19. Bh1 Ng2+ 20. Kd1 Rh8 21. Bd2 Rxh3 22. Kc2 Rh4 23. Rf2 Rhg4 24. f5 exf5 25. a4 f4 26. Qb5 f5 27. Kb3 Qxb5+ 28. axb5 Kb8 29. Raf1 Nh4 30. Bd5 Rg1 31. Ka4 R6g4 32. b4 g5 33. bxc5 Bxc5 34. Bb4 b6 35. Bxc5 bxc5 36. Ka5 f3 37. exf3 Rxf1 38. Rxf1 Rg2 39. b6 Rb2 40. b7 Ng6 41. Re1 Rxb7 42. Bxb7 Kxb7 43. Kb5 Nf4 44. Re7+ Kc8 45. Kxc5 Nxd3+ 46. Kxd4 Nb4 47. Kc5 a5 48. Rg7 Nd3+ 49. Kd6 a4 50. c5 Nb2 51. Rg8+ Kb7 52. c6+ Ka7 53. c7 Nc4+ 54. Kc5 Nb6 55. c8=Q Nxc8 56. Rxc8 a3 57. Kd4 1-0

[Event "It (open)"]
[Site "Oberwart (Austria)"]
[Date "2007.07.10"]
[Round "4"]
[White "Jakubiec Artur (POL)"]
[Black "Hera Imre Jr (HUN)"]
[Result "0-1"]
[WhiteElo "2541"]
[BlackElo "2526"]
[PlyCount "90"]
[EventDate "2007.??.??"]
[Source "www.chesslib.no"]
[SourceDate "2004.05.04"]

1. f4 Nf6 2. Nf3 g6 3. g3 Bg7 4. Bg2 O-O 5. O-O c5 6. d3 d5 7. Nc3 d4 8. Ne4 Nxe4 9. dxe4 Qb6 10. h3 Nc6 11. g4 Be6 12. a3 Qa6 13. Kh1 Rad8 14. Qe1 Nb4 15. Qd1 Na2 16. f5 Nxc1 17. Qxc1 Bc4 18. e5 Bxe2 19. Qf4 Bxf1 20. Rxf1 Qe2 21. f6 exf6 22. exf6 Bh8 23. g5 Qxc2 24. Ne5 h5 25. Nxg6 fxg6 26. f7+ Kh7 27. Be4 Qxe4+ 28. Qxe4 d3 29. Qxb7 c4 30. Qb4 Rc8 31. Kg2 Bg7 32. Rf4 Rc7 33. Kf3 a5 34. Qd6 Rcxf7 35. Rxf7 Rxf7+ 36. Ke3 Bxb2 37. Qe6 Rc7 38. Qd6 Rb7 39. Qd5 Re7+ 40. Kf2 Bxa3 41. Qxa5 Bb2 42. Qb4 Re2+ 43. Kf1 Rc2 44. Qe7+ Bg7 45. Qd7 d2 0-1

[Event "Darmstadt Integrata 1st"]
[Site "Darmstadt"]
[Date "2001.01.08"]
[Round "1"]
[White "Jakubiec, Artur"]
[Black "Savchenko, Stanislav"]
[Result "1/2-1/2"]
[WhiteElo "2488"]
[BlackElo "2579"]
[PlyCount "129"]
[EventDate "2001.01.02"]
[Source "ChessBase"]
[SourceDate "2001.03.20"]

1. f4 c5 2. Nf3 Nc6 3. g3 g6 4. Bg2 Bg7 5. d3 e6 6. O-O Nge7 7. c3 O-O 8. e4 b6 9. Na3 d5 10. e5 Qd7 11. Nc2 Bb7 12. Be3 a5 13. Bf2 Ba6 14. Re1 Rac8 15. h4 h5 16. Ng5 Nf5 17. Bf3 Nce7 18. d4 Qc7 19. g4 hxg4 20. Bxg4 Bh6 21. Kg2 Kg7 22. Rh1 Rh8 23. Qf3 Qc6 24. a4 Bc4 25. h5 Bxg5 26. fxg5 gxh5 27. Bxh5 Bb3 28. Na3 cxd4 29. Bxd4 Qxa4 30. Qf2 Qc6 31. Be2 Ng6 32. Nb5 Bc2 33. Rh6 Be4+ 34. Kg1 Nxh6 35. Qf6+ Kg8 36. Nd6 Rf8 37. Bb5 Ng4 38. Qxh8+ Kxh8 39. Bxc6 Nh4 40. Nxe4 dxe4 41. Bxe4 Rg8 42. Kf1 Rxg5 43. Ke2 Nf5 44. Bxf5 Rxf5 45. Bxb6 Rxe5+ 46. Kf3 Rb5 47. Bd4+ Ne5+ 48. Ke4 f6 49. c4 Nxc4 50. Bxf6+ Kg8 51. Bc3 Kf7 52. Ra4 Nd6+ 53. Kd3 Nb7 54. b4 Rd5+ 55. Ke2 axb4 56. Rxb4 Nd6 57. Rd4 Nb5 58. Rf4+ Ke7 59. Bb2 Kd6 60. Re4 Rh5 61. Bf6 Nc7 62. Bh4 Kd5 63. Kd3 Nb5 64. Bg3 Rf5 65. Bh2 1/2-1/2

[Event "Russian Cup"]
[Site "?"]
[Date "1998.07.05"]
[Round "7"]
[White "Lastin Alexander"]
[Black "Fominyh Alexander"]
[Result "1/2-1/2"]
[WhiteElo "2535"]
[BlackElo "2530"]
[PlyCount "63"]
[EventDate "1998.??.??"]
[Source "www.chesslib.no"]
[SourceDate "2004.05.04"]

1. f4 b5 2. Nf3 Bb7 3. e3 b4 4. Be2 Nf6 5. O-O g6 6. d3 c5 7. e4 Bg7 8. Qe1 Nc6 9. Qh4 c4 10. e5 cxd3 11. Bxd3 Nd5 12. Nbd2 Ba6 13. Nc4 f5 14. Bd2 O-O 15. Kh1 e6 16. Qxd8 Rfxd8 17. a3 Bf8 18. axb4 Ndxb4 19. c3 Nxd3 20. Rxa6 Rdc8 21. Be3 Ncb4 22. cxb4 Nxb4 23. Rd6 Rxc4 24. Rxd7 Nd5 25. Bxa7 Rxf4 26. g3 Ra4 27. Bg1 Ra1 28. Rxa1 Rxa1 29. Ng5 Bh6 30. Rd8+ Kg7 31. Rd7+ Kg8 32. Rd8+ 1/2-1/2

[Event "Griesheim GM 3rd"]
[Site "Griesheim"]
[Date "2003.02.06"]
[Round "9"]
[White "Jakubiec, Artur"]
[Black "Buhmann, Rainer"]
[Result "1-0"]
[WhiteElo "2532"]
[BlackElo "2525"]
[PlyCount "76"]
[EventDate "2003.01.29"]
[Source "ChessBase"]
[SourceDate "2003.05.26"]

1. f4 b5 2. Nc3 b4 3. Ne4 e6 4. g3 Bb7 5. Bg2 Qc8 6. Bf3 d5 7. Nf2 Nf6 8. d3 Nbd7 9. g4 d4 10. c3 c5 11. g5 Nd5 12. c4 Ne7 13. Bxb7 Qxb7 14. Nf3 Nf5 15. Qa4 Bd6 16. Ne4 Qc7 17. Nxd6+ Qxd6 18. Ne5 Ke7 19. a3 Nxe5 20. fxe5 Qxe5 21. axb4 Rhb8 22. bxc5 Kf8 23. b4 Kg8 24. c6 Ne3 25. b5 g6 26. Bxe3 dxe3 27. O-O a6 28. Kh1 Kg7 29. bxa6 Rb2 30. Qa5 Qxa5 31. Rxa5 Rxe2 32. a7 Rd2 33. Kg1 Rxd3 34. c7 Rd4 35. c8=Q Rg4+ 36. Kh1 Rxc8 37. a8=Q Rxa8 38. Rxa8 e2 1-0

[Event "III Torneo GM"]
[Site "Mysliborz POL"]
[Date "2008.06.10"]
[Round "2"]
[White "Danielsen, Hen"]
[Black "Cyborowski, L."]
[Result "1/2-1/2"]
[WhiteElo "2510"]
[BlackElo "2541"]
[PlyCount "28"]
[EventDate "2008.06.09"]
[Source "www.chesslib.no"]
[SourceDate "2004.05.04"]

1. f4 b6 2. Nf3 Bb7 3. g3 Bxf3 4. exf3 e6 5. d4 d5 6. Be3 Ne7 7. Nd2 g6 8. Nb3 Bg7 9. c3 Nd7 10. Bf2 O-O 11. Be2 Qc8 12. O-O c5 13. Re1 c4 14. Nd2 b5 1/2-1/2

[Event "Chess Summer GM"]
[Site "Aarhus"]
[Date "2003.08.01"]
[Round "6"]
[White "Jakubiec, Artur"]
[Black "Palo, Davor"]
[Result "1/2-1/2"]
[WhiteElo "2537"]
[BlackElo "2510"]
[PlyCount "32"]
[EventDate "2003.07.27"]
[Source "Roberto Alvarez"]
[SourceDate "2003.08.04"]

1. f4 g6 2. Nf3 Bg7 3. g3 d6 4. d3 e5 5. Nc3 Ne7 6. Bg2 Nbc6 7. O-O O-O 8. e4 h6 9. f5 gxf5 10. Nh4 f4 11. gxf4 Ng6 12. Nf5 Bxf5 13. exf5 Nxf4 14. Bxf4 exf4 15. Rxf4 Bxc3 16. bxc3 Qf6 1/2-1/2

[Event "M.003 IECG email"]
[Site "M.003 IECG email"]
[Date "1995.??.??"]
[Round "?"]
[White "Gather, Juergen"]
[Black "Heutgens, Dietmar"]
[Result "1-0"]
[WhiteElo "2740"]
[BlackElo "2305"]
[PlyCount "79"]
[EventDate "1995.??.??"]
[Source "www.chesslib.no"]
[SourceDate "2004.05.04"]

1. f4 c5 2. b3 d5 3. e3 Nc6 4. Bb5 a6 5. Bxc6+ bxc6 6. Nf3 f6 7. Bb2 e6 8. O-O Nh6 9. c4 a5 10. Nc3 Ba6 11. d3 Bd6 12. Na4 O-O 13. Qd2 Qe7 14. e4 e5 15. fxe5 fxe5 16. exd5 Bb7 17. Rae1 Nf7 18. dxc6 Bxc6 19. Nc3 Nh8 20. Ne4 Ng6 21. Qg5 Qxg5 22. Nfxg5 Be7 23. Rxf8+ Bxf8 24. Ne6 Bxe4 25. dxe4 Be7 26. Nc7 Ra7 27. Nd5 Bd6 28. Nb6 Ra6 29. Na4 Nf4 30. g3 Ne6 31. Rf1 Nd4 32. Rf2 Nc6 33. Kf1 Nb8 34. Ke2 Nd7 35. Rf5 Ra8 36. Ke3 Ra6 37. h3 Bc7 38. Ba3 Rh6 39. Kf2 Rd6 40. Ke2 1-0

[Event "Bad Endbach"]
[Site "Bad Endbach"]
[Date "1995.??.??"]
[Round "?"]
[White "Schmittdiel, Eckhard"]
[Black "Bischoff, Klaus"]
[Result "0-1"]
[WhiteElo "2485"]
[BlackElo "2525"]
[PlyCount "34"]
[EventDate "1995.04.??"]
[Source "www.chesslib.no"]
[SourceDate "2004.05.04"]

1. f4 b6 2. Nf3 Bb7 3. d4 e6 4. e3 c5 5. Bd3 cxd4 6. exd4 g6 7. O-O Bg7 8. c3 Nf6 9. Qe2 O-O 10. Na3 d6 11. Bd2 a6 12. Nc4 Re8 13. a4 Nc6 14. Qf2 Ne7 15. Be1 Qc7 16. Ncd2 Nf5 17. h3 Nd5 0-1

[Event "Cheliabinsk"]
[Site "Cheliabinsk"]
[Date "1991.??.??"]
[Round "?"]
[White "Sherbakov, Ruslan"]
[Black "Sorokin, Maxim"]
[Result "1/2-1/2"]
[WhiteElo "2505"]
[BlackElo "2500"]
[PlyCount "26"]
[EventDate "1991.??.??"]
[Source "ChessBase"]

1. f4 Nf6 2. Nf3 g6 3. g3 Bg7 4. Bg2 O-O 5. O-O d6 6. d3 e5 7. fxe5 dxe5 8. e4 Nc6 9. Nc3 Bg4 10. h3 Bxf3 11. Qxf3 Nd4 12. Qf2 Nd7 13. Be3 c6 1/2-1/2

[Event "BL2-West 7980"]
[Site "GER"]
[Date "1980.??.??"]
[Round "4"]
[White "Ostermeyer, Peter"]
[Black "Huebner, Robert"]
[Result "0-1"]
[WhiteElo "2400"]
[BlackElo "2600"]
[PlyCount "56"]
[EventDate "1979.10.??"]
[Source "www.chesslib.no"]
[SourceDate "2004.05.04"]

1. f4 Nf6 2. Nf3 g6 3. b3 Bg7 4. Bb2 O-O 5. e3 d6 6. Be2 Nc6 7. O-O e5 8. fxe5 Ng4 9. Nc3 dxe5 10. Ba3 Re8 11. Ne4 Nh6 12. Qe1 Bf5 13. d3 b6 14. h3 Bd7 15. c3 Ne7 16. Qf2 f5 17. Neg5 Nd5 18. c4 Nc3 19. e4 Nxe2+ 20. Qxe2 Bf6 21. h4 Ng4 22. Nh2 Nxh2 23. Kxh2 Bxg5 24. hxg5 Qxg5 25. exf5 Bxf5 26. Qf2 Rad8 27. Rad1 Rd4 28. Rh1 Rh4+ 0-1

[Event "Belfort"]
[Site "Belfort FRA"]
[Date "1995.??.??"]
[Round "6"]
[White "Santo Roman, Marc"]
[Black "Renet, Olivier"]
[Result "1-0"]
[WhiteElo "2465"]
[BlackElo "2530"]
[PlyCount "63"]
[EventDate "1995.01.??"]
[Source "www.chesslib.no"]
[SourceDate "2004.05.04"]

1. f4 Nf6 2. Nf3 g6 3. g3 Bg7 4. Bg2 O-O 5. O-O d6 6. d3 e5 7. e4 exf4 8. gxf4 d5 9. Nc3 dxe4 10. dxe4 Nc6 11. Qe2 Bg4 12. Qf2 Bh5 13. h3 Ne8 14. Be3 Nd6 15. e5 Nf5 16. Bc5 Re8 17. Rad1 Qc8 18. Nd5 Nd8 19. Ne3 Nxe3 20. Bxe3 Ne6 21. Qh4 Bh6 22. Rd3 Ng7 23. Nd4 c5 24. Nb5 Nf5 25. Qf2 Bf8 26. c4 Be7 27. Nc3 Bh4 28. Qd2 Ng3 29. Re1 Qf5 30. Bf2 g5 31. Bxg3 Bxg3 32. Rxg3 1-0

[Event "Leeuwarden Open"]
[Site "Leeuwarden NED"]
[Date "1995.??.??"]
[Round "3"]
[White "Reinderman, Dimitri"]
[Black "Yakovich, Yuri"]
[Result "1-0"]
[WhiteElo "2440"]
[BlackElo "2555"]
[PlyCount "141"]
[EventDate "1995.08.??"]
[Source "www.chesslib.no"]
[SourceDate "2004.05.04"]

1. f4 c5 2. b3 Nf6 3. Bb2 g6 4. Nf3 Bg7 5. e3 O-O 6. Be2 Nc6 7. O-O d6 8. d4 Nd5 9. Qd2 Qa5 10. c3 cxd4 11. exd4 Bh6 12. g3 e5 13. b4 Qb6 14. b5 exd4 15. Kh1 Ne5 16. c4 d3 17. Bxd3 Nxf3 18. Rxf3 Bg4 19. Rf2 Ne7 20. Nc3 Bg7 21. Ne4 Bf5 22. Bxg7 Bxe4+ 23. Bxe4 Kxg7 24. Re2 Rad8 25. Qb2+ Kg8 26. Rae1 Rd7 27. Qf6 Qa5 28. Bg2 Qa3 29. Qd4 Nc8 30. Re8 Rd8 31. Rxf8+ Rxf8 32. Bxb7 Nb6 33. Bd5 Qc5 34. Qxc5 dxc5 35. Bc6 Rc8 36. Re3 Nxc4 37. Rc3 Na5 38. Kg2 Kf8 39. Kf3 Ke7 40. Rxc5 Kd6 41. Rd5+ Ke6 42. Re5+ Kd6 43. Rd5+ Ke6 44. Bd7+ Kxd5 45. Bxc8 Nc4 46. f5 Ke5 47. fxg6 fxg6 48. Kg4 h6 49. Bd7 Kd4 50. Be8 Ne5+ 51. Kf4 Nd3+ 52. Kf3 Ne5+ 53. Ke2 g5 54. a4 Nc4 55. Bd7 Kc5 56. Be8 Kd4 57. Kf3 Ne5+ 58. Kg2 Kc5 59. a5 Nc4 60. b6 axb6 61. a6 b5 62. a7 Nb6 63. Bg6 g4 64. Bf5 b4 65. Bxg4 b3 66. Bf5 b2 67. h4 Kc6 68. Be4+ Kb5 69. g4 Ka6 70. g5 hxg5 71. h5 1-0

[Event "Corr"]
[Site "?"]
[Date "1996.??.??"]
[Round "?"]
[White "Gather Juergen"]
[Black "Johnson Maurice W"]
[Result "1-0"]
[WhiteElo "2475"]
[BlackElo "2518"]
[PlyCount "59"]
[EventDate "1996.??.??"]
[Source "www.chesslib.no"]
[SourceDate "2004.05.04"]

1. f4 c5 2. b3 Nc6 3. Bb2 Nf6 4. Nf3 g6 5. e3 Bg7 6. Bb5 O-O 7. Bxc6 bxc6 8. O-O d6 9. d3 d5 10. Qe2 a5 11. Nc3 Bg4 12. Na4 Nd7 13. c4 Bxb2 14. Qxb2 Bxf3 15. Rxf3 Qc7 16. e4 e6 17. Qf2 Qd6 18. Re1 d4 19. h4 f5 20. e5 Qc7 21. Rg3 Kf7 22. h5 Rh8 23. Rg5 Rag8 24. Qh4 Qd8 25. Qh3 Qb8 26. Re2 Qb4 27. Kh2 Nb6 28. a3 Qxb3 29. Rb2 Qxa4 30. Rxb6 1-0

[Event "Chess Summer GM"]
[Site "Aarhus"]
[Date "2003.07.28"]
[Round "2"]
[White "Jakubiec, Artur"]
[Black "Fries Nielsen, Jens Ove"]
[Result "1-0"]
[WhiteElo "2537"]
[BlackElo "2453"]
[PlyCount "83"]
[EventDate "2003.07.27"]
[Source "Roberto Alvarez"]
[SourceDate "2003.08.04"]

1. f4 g6 2. Nf3 Bg7 3. g3 d6 4. d3 e5 5. Nc3 exf4 6. Bxf4 Ne7 7. Bg2 Nbc6 8. e4 O-O 9. Qd2 Bg4 10. h3 Bxf3 11. Bxf3 Nd4 12. Bg2 c6 13. h4 h5 14. O-O-O b5 15. g4 b4 16. Ne2 Nxe2+ 17. Qxe2 Qa5 18. Kb1 Rfe8 19. Qf3 Rab8 20. Bxd6 hxg4 21. Qxg4 Rb7 22. d4 Nc8 23. e5 Nxd6 24. exd6 Rd8 25. h5 Qf5 26. Qg3 gxh5 27. Bxc6 Rb6 28. Rhg1 Qf6 29. Rdf1 Qxd4 30. Qb3 Kh8 31. Rg5 Rxd6 32. Rxh5+ Bh6 33. Bf3 Qg7 34. Qc4 Rd8 35. Qh4 Rd4 36. Qh2 Rg6 37. Rh1 Kh7 38. Bd1 Rgd6 39. Be2 f5 40. Bd3 Rxd3 41. cxd3 Rf6 42. Qf4 1-0

[Event "Kecskemet op1"]
[Site "?"]
[Date "1990.??.??"]
[Round "7"]
[White "Dobos Jozsef"]
[Black "Leko Peter"]
[Result "1-0"]
[WhiteElo "2380"]
[BlackElo "2600"]
[PlyCount "87"]
[EventDate "1990.??.??"]
[Source "www.chesslib.no"]
[SourceDate "2004.05.04"]

1. f4 c5 2. Nf3 Nc6 3. b3 Nf6 4. Bb2 g6 5. e4 Bg7 6. e5 Nd5 7. g3 O-O 8. Bg2 Nc7 9. Na3 Rb8 10. d4 cxd4 11. Nxd4 Nxd4 12. Qxd4 a6 13. O-O-O Ne6 14. Qb4 b5 15. Nc4 Bb7 16. Ne3 Bxg2 17. Nxg2 a5 18. Qd2 Rb7 19. Ne3 a4 20. Qb4 axb3 21. axb3 Re8 22. Nd5 Nc7 23. Qa5 Nxd5 24. Qxd8 Rxd8 25. Rxd5 e6 26. Rd3 Bf8 27. Rhd1 h5 28. h3 Bc5 29. g4 hxg4 30. hxg4 Kf8 31. Bc3 Ke7 32. Rh1 Rbb8 33. b4 Bb6 34. Be1 Rg8 35. Bh4+ Ke8 36. Bf6 Bd8 37. g5 Bxf6 38. gxf6 d5 39. Ra3 Kd7 40. Ra7+ Kc6 41. Rxf7 g5 42. Re7 gxf4 43. Rxe6+ Kd7 44. Rd6+ 1-0

[Event "Kazan RUS"]
[Site "?"]
[Date "2006.06.07"]
[Round "7"]
[White "Gubajdullin Alexey"]
[Black "Gleizerov Evgeny"]
[Result "0-1"]
[WhiteElo "2413"]
[BlackElo "2562"]
[PlyCount "64"]
[EventDate "2006.??.??"]
[Source "www.chesslib.no"]
[SourceDate "2004.05.04"]

1. f4 Nf6 2. Nf3 g6 3. b4 Bg7 4. Bb2 O-O 5. c4 d6 6. Qb3 a5 7. a3 axb4 8. axb4 Rxa1 9. Bxa1 e5 10. g3 exf4 11. gxf4 Re8 12. e3 Bg4 13. Bg2 Bxf3 14. Bxf3 Ng4 15. Bxg7 Qh4+ 16. Kd1 Kxg7 17. Kc2 Nd7 18. Bxb7 Ndf6 19. Bc6 Re6 20. Qb2 Nf2 21. Rf1 Qxh2 22. Qd4 N2e4 23. f5 Re5 24. fxg6 hxg6 25. Nc3 Nxc3 26. Kxc3 Nh5 27. c5 Ng3 28. Re1 Qf2 29. cxd6 cxd6 30. Qxd6 Re6 31. Qd4+ Rf6 32. b5 Qxe1 0-1

[Event "Nordic zt"]
[Site "NOR"]
[Date "1992.??.??"]
[Round "9"]
[White "Karlsson, Lars"]
[Black "Olafsson, Helgi"]
[Result "1/2-1/2"]
[WhiteElo "2480"]
[BlackElo "2495"]
[PlyCount "118"]
[EventDate "1992.??.??"]
[Source "ChessBase"]

1. f4 c5 2. Nf3 g6 3. e4 Bg7 4. Bc4 e6 5. Nc3 Ne7 6. d4 cxd4 7. Nxd4 d5 8. Bb5+ Bd7 9. e5 Nbc6 10. Be2 Nxd4 11. Qxd4 Nf5 12. Qf2 d4 13. Ne4 Bc6 14. Bd3 Qb6 15. O-O O-O 16. Re1 Rac8 17. a4 a6 18. Ra3 f6 19. Nxf6+ Bxf6 20. exf6 Rxf6 21. a5 Qb4 22. Bd2 Qd6 23. Rb3 Ne3 24. Bxe3 dxe3 25. Qxe3 Rxf4 26. Rc3 Rg4 27. Bf1 Rf8 28. Qxe6+ Qxe6 29. Rxe6 Ra4 30. Ra3 Rxa3 31. bxa3 Rf5 32. Re7 Rxa5 33. Bc4+ Kh8 34. Re3 Kg7 35. Re7+ Kf6 36. Rxh7 Ke5 37. Rc7 Rxa3 38. Bd3 g5 39. Rg7 Kf4 40. Rf7+ Ke3 41. Re7+ Kd4 42. Kf2 Rc3 43. g3 Rc5 44. h4 gxh4 45. gxh4 a5 46. Bg6 a4 47. Re3 Re5 48. c3+ Kd5 49. Bf7+ Kd6 50. Rxe5 Kxe5 51. Ke3 Bd5 52. Bxd5 Kxd5 53. Kd2 b5 54. Kc2 Ke4 55. Kb2 Kf5 56. Ka3 Kg4 57. c4 bxc4 58. Kxa4 Kxh4 59. Kb4 Kg4 1/2-1/2

[Event "Helsinge, DEN"]
[Site "?"]
[Date "2003.11.15"]
[Round "1.1"]
[White "Holst Allan"]
[Black "Heine Nielsen Peter"]
[Result "0-1"]
[WhiteElo "2347"]
[BlackElo "2626"]
[PlyCount "58"]
[EventDate "2003.??.??"]
[Source "www.chesslib.no"]
[SourceDate "2004.05.04"]

1. f4 g6 2. Nf3 Bg7 3. g3 c5 4. Bg2 Nc6 5. d3 Nf6 6. O-O O-O 7. Nc3 Rb8 8. Nh4 b5 9. f5 b4 10. Nd5 Bb7 11. Bg5 Nxd5 12. Bxd5 Ne5 13. Bxb7 Rxb7 14. Qc1 c4 15. d4 Nc6 16. c3 bxc3 17. bxc3 Qa5 18. e4 Rfb8 19. f6 exf6 20. Bxf6 Bxf6 21. Rxf6 Rb2 22. Nf5 gxf5 23. Rxf5 R2b5 24. e5 Ne7 25. Rg5+ Ng6 26. Rh5 Rb2 27. Qh6 Qd5 28. Qxh7+ Kf8 29. Qh6+ Ke8 0-1

[Event "Jonsson Mem Open, Reykjavik ISL"]
[Site "?"]
[Date "2001.??.??"]
[Round "10"]
[White "Danielsen, Hen"]
[Black "Thorhallsson, T."]
[Result "1/2-1/2"]
[WhiteElo "2525"]
[BlackElo "2440"]
[PlyCount "83"]
[EventDate "2001.??.??"]
[Source "www.chesslib.no"]
[SourceDate "2004.05.04"]

1. f4 c5 2. Nf3 Nf6 3. g3 Nc6 4. Bg2 d5 5. O-O g6 6. d3 Bg7 7. c3 O-O 8. Na3 a6 9. Nh4 e5 10. f5 Ne7 11. e4 h6 12. fxg6 fxg6 13. exd5 g5 14. Nf3 Nfxd5 15. Nc4 b5 16. Bxg5 hxg5 17. Nxg5 bxc4 18. dxc4 Nc7 19. Rxf8+ Qxf8 20. Qh5 Bf5 21. Bxa8 Bg6 22. Qg4 Qxa8 23. Qd7 Bf6 24. Qxc7 Bxg5 25. Qxe5 Nf5 26. Re1 Be3+ 27. Rxe3 Nxe3 28. Qxe3 Qc6 29. h3 Qd6 30. Kf2 Qd1 31. g4 Qa4 32. Qxc5 Qc2+ 33. Kg3 Qxb2 34. Qd5+ Bf7 35. Qg5+ Kf8 36. Qd8+ Kg7 37. Qd4+ Kg8 38. a4 Qb8+ 39. Kh4 a5 40. c5 Qc7 41. Kg5 Bb3 42. Qd6 1/2-1/2